000 00335nam a2200133Ia 4500
008 240624s9999 xx 000 0 und d
041 _aeng
082 _a828 KES
100 _aKESAVAN MUKUL
245 _aHOMELESS ON GOOGLE EARTH
260 _c2014
_aRaikhet
_bPermanent Black
300 _aix, : 314 : p. : cm. ; 21
365 _cRS
_b31
999 _c27606
_d27606